Sewage disposal and air pollution engineering (Record no. 7668)
[ view plain ]
| 000 -LEADER | |
|---|---|
| fixed length control field | 00345nam a2200133Ia 4500 |
| 008 - FIXED-LENGTH DATA ELEMENTS--GENERAL INFORMATION | |
| fixed length control field | 191201s2015 xx 000 0 und d |
| 100 ## - MAIN ENTRY--PERSONAL NAME | |
| Personal name | GARG, Santosh Kumar |
| 245 #0 - TITLE STATEMENT | |
| Title | Sewage disposal and air pollution engineering |
| 250 ## - EDITION STATEMENT | |
| Edition statement | Rev 33rd |
| 260 ## - PUBLICATION, DISTRIBUTION, ETC. (IMPRINT) | |
| Date of publication, distribution, etc | 2015 |
| Name of publisher, distributor, etc | Khanna Publisher |
| Place of publication, distribution, etc | N. delhi |
| 300 ## - PHYSICAL DESCRIPTION | |
| Extent | 1080 |
| 650 ## - SUBJECT ADDED ENTRY--TOPICAL TERM | |
| Topical term or geographic name as entry element | CIVIL |
| 942 ## - ADDED ENTRY ELEMENTS (KOHA) | |
| Source of classification or shelving scheme | Dewey Decimal Classification |
| Koha item type | Book Bank |
| Withdrawn status | Lost status | Source of classification or shelving scheme | Damaged status | Not for loan | Collection code | Home library | Current library | Date acquired | Source of acquisition | Cost, normal purchase price | Bill Number | Total Checkouts | Acc. no. / Barcode | Date last seen | Actual Cost, discounted price | Bill Date | Koha item type |
|---|---|---|---|---|---|---|---|---|---|---|---|---|---|---|---|---|---|
| Dewey Decimal Classification | B.Tech(CE) | PIET C-LIBRARY | PIET C-LIBRARY | 03/09/2015 | KIRTI PRAKASHAN, NEW DELHI | 475.00 | IN2817 | BB11386 | 04/12/2019 | 346.75 | 02/09/2015 | Book Bank | |||||
| Dewey Decimal Classification | B.Tech(CE) | PIET C-LIBRARY | PIET C-LIBRARY | 03/09/2015 | KIRTI PRAKASHAN, NEW DELHI | 475.00 | IN2817 | BB11387 | 04/12/2019 | 346.75 | 02/09/2015 | Book Bank | |||||
| Dewey Decimal Classification | B.Tech(CE) | PIET C-LIBRARY | PIET C-LIBRARY | 03/09/2015 | KIRTI PRAKASHAN, NEW DELHI | 475.00 | IN2817 | BB11388 | 21/12/2019 | 346.75 | 02/09/2015 | Book Bank | |||||
| Dewey Decimal Classification | B.Tech(CE) | PIET C-LIBRARY | PIET C-LIBRARY | 08/09/2015 | KIRTI PRAKASHAN, NEW DELHI | 475.00 | IN2862 | BB11459 | 04/12/2019 | 346.75 | 07/09/2015 | Book Bank | |||||
| Dewey Decimal Classification | B.Tech(CE) | PIET C-LIBRARY | PIET C-LIBRARY | 08/09/2015 | KIRTI PRAKASHAN, NEW DELHI | 475.00 | IN2862 | BB11460 | 23/12/2019 | 346.75 | 07/09/2015 | Book Bank |